[Event "Vienna Kavalier op 8th"]
[Site "Vienna"]
[Date "2013.10.25"]
[Round "2"]
[White "Stadik, Wolfgang"]
[Black "Wantscher, Juergen"]
[Result "1-0"]
[WhiteElo "2119"]
[BlackElo "1794"]
[PlyCount "61"]
[EventDate "2013.10.24"]
[EventType "swiss"]
[EventRounds "7"]
[EventCountry "AUT"]
[SourceTitle "EXT 2014"]
[Source "ChessBase"]
[SourceDate "2013.11.20"]
[SourceVersion "1"]
[SourceVersionDate "2013.11.20"]
[SourceQuality "1"]

1. b3 d5 2. Bb2 Nf6 3. e3 Bf5 4. f3 e6 5. h4 h5 6. Nh3 Bd6 7. Kf2 Ne4+ 8. fxe4 Qxh4+ 9. Kg1 dxe4 10. Nc3 Bg3 11. Qe2 c6 12. Nf2 Qg5 13. Nfxe4 Qg6 14. Nxg3 Qxg3 15. Rxh5 Rg8 16. Qf2 Qg6 17. Qh4 f6 18. Ne2 Nd7 19. Nd4 Bg4 20. Rh8 0-0-0 21. Rxg8 Rxg8 22. Bd3 f5 23. Rf1 Ne5 24. Nxf5 Nf3+ 25. Rxf3 exf5 26. Rf4 Qe8 27. Qg3 Qh5 28. Ra4 a6 29. Rb4 Be2 30. Qe5 Rh8 31. Bxf5+ 1-0

[Event "Lienz op 17th"]
[Site "Lienz"]
[Date "2013.02.13"]
[Round "6"]
[White "Stadik, Wolfgang"]
[Black "Hrdina, Karl"]
[Result "1/2-1/2"]
[WhiteElo "2048"]
[BlackElo "1926"]
[PlyCount "75"]
[EventDate "2013.02.09"]
[EventType "swiss"]
[EventRounds "9"]
[EventCountry "AUT"]
[SourceTitle "CBM 152 Extra"]
[Source "ChessBase"]
[SourceDate "2013.02.25"]
[SourceVersion "1"]
[SourceVersionDate "2013.02.25"]
[SourceQuality "1"]

1. c4 Nf6 2. g3 c6 3. Bg2 d5 4. Nf3 dxc4 5. 0-0 Be6 6. Na3 Bd5 7. b3 cxb3 8. axb3 Nbd7 9. d3 e5 10. e4 Be6 11. Nc4 Bxc4 12. dxc4 Bb4 13. Bb2 Qe7 14. Nh4 g6 15. Qc1 0-0-0 16. Rxa7 Nc5 17. Bh3+ Kc7 18. Ba3 Na6 19. Bxb4 Qxb4 20. Qg5 Nd7 21. Ra1 f6 22. Qe3 Ndc5 23. R7xa6 bxa6 24. Nf3 Rd3 25. Qh6 Rhd8 26. Qg7+ Kb6 27. Qxf6 Nxb3 28. Nxe5 R3d6 29. Qf7 Nxa1 30. c5+ Kxc5 31. Qa7+ Qb6 32. Qf7 Qb1+ 33. Bf1 Rd1 34. Qc4+ Kd6 35. Qxc6+ Kxe5 36. f4+ Kd4 37. Qc4+ Ke3 38. Qe2+ 1/2-1/2

[Event "Lienz op 17th"]
[Site "Lienz"]
[Date "2013.02.10"]
[Round "2"]
[White "Stadik, Wolfgang"]
[Black "Prammer, Franz"]
[Result "1-0"]
[WhiteElo "2048"]
[BlackElo "1886"]
[PlyCount "27"]
[EventDate "2013.02.09"]
[EventType "swiss"]
[EventRounds "9"]
[EventCountry "AUT"]
[SourceTitle "CBM 152 Extra"]
[Source "ChessBase"]
[SourceDate "2013.02.25"]
[SourceVersion "1"]
[SourceVersionDate "2013.02.25"]
[SourceQuality "1"]

1. c4 f5 2. g3 e6 3. Bg2 d5 4. Nf3 Nf6 5. 0-0 c6 6. d3 Bd6 7. Nc3 d4 8. Nxd4 Bxg3 9. hxg3 Qxd4 10. e3 Qd8 11. e4 e5 12. exf5 Bxf5 13. Ne4 Nbd7 14. Nd6+ 1-0

[Event "Feffernitz Raika op 05th"]
[Site "Feffernitz"]
[Date "1996.??.??"]
[Round "?"]
[White "Emberger, Rene"]
[Black "Stadik, Wolfgang"]
[Result "1/2-1/2"]
[WhiteElo "1605"]
[BlackElo "1815"]
[PlyCount "42"]
[EventDate "1996.08.??"]
[EventType "swiss"]
[EventRounds "9"]
[EventCountry "AUT"]
[SourceTitle "EXT 2004"]
[Source "ChessBase"]
[SourceDate "2003.11.25"]
[SourceVersion "1"]
[SourceVersionDate "2003.11.25"]
[SourceQuality "1"]

1. e4 c6 2. f4 d6 3. d4 Qc7 4. Nf3 Bg4 5. Bc4 Bxf3 6. Qxf3 Nd7 7. 0-0 h5 8. a4 0-0-0 9. Bxf7 e5 10. c3 Ngf6 11. fxe5 dxe5 12. Bg5 Be7 13. Ba2 Rhf8 14. Qe2 Bd6 15. h3 Rde8 16. Nd2 Kb8 17. Qd3 exd4 18. cxd4 Bh2+ 19. Kh1 Rd8 20. Qc3 Nb6 21. e5 Nbd5 1/2-1/2

[Event "Feffernitz Raika op 05th"]
[Site "Feffernitz"]
[Date "1996.??.??"]
[Round "?"]
[White "Stadik, Wolfgang"]
[Black "Trifunovic, Dusan"]
[Result "0-1"]
[WhiteElo "1815"]
[BlackElo "2030"]
[PlyCount "107"]
[EventDate "1996.08.??"]
[EventType "swiss"]
[EventRounds "9"]
[EventCountry "AUT"]
[SourceTitle "EXT 2004"]
[Source "ChessBase"]
[SourceDate "2003.11.25"]
[SourceVersion "1"]
[SourceVersionDate "2003.11.25"]
[SourceQuality "1"]

1. e4 e5 2. Nf3 Nc6 3. d4 exd4 4. Nxd4 Bc5 5. Be3 Nxd4 6. Bxd4 Bxd4 7. Qxd4 Qf6 8. Qxf6 Nxf6 9. Nc3 0-0 10. Bd3 d6 11. 0-0 Bd7 12. Nd5 Nxd5 13. exd5 Rfe8 14. Rfe1 Re5 15. Rxe5 dxe5 16. c4 g6 17. b4 Kf8 18. f3 a5 19. b5 b6 20. Kf2 Ke7 21. Ke3 Kd6 22. a3 f5 23. Kd2 g5 24. h3 Rf8 25. Rf1 Be8 26. Kc3 Bg6 27. Bc2 Rf7 28. Bd3 Kc5 29. Re1 Re7 30. Re2 Re8 31. Re1 h5 32. Bc2 h4 33. Bd3 e4 34. fxe4 fxe4 35. Rf1 Re5 36. Rf6 Be8 37. Be2 e3 38. Kd3 Bd7 39. Bg4 Bxb5 40. cxb5 Rxd5+ 41. Kxe3 Kxb5 42. Ke4 Rd2 43. Bf3 Ka4 44. Rc6 Rd7 45. Rc3 c5 46. Kf5 Rc7 47. Kxg5 c4 48. Kxh4 Kb5 49. g4 Kc5 50. Rc1 b5 51. g5 b4 52. axb4+ axb4 53. Bd1 Kd4 54. g6 0-1